Welke plaatsen - Sudden Death - liggen in de provincie Noord Holland - Statistieken

Algemene statistieken
  • Deze quiz is 104 keer genomen
    28 sinds de laatste reset
  • De gemiddelde score is 15 van 23
Answers on the Grid
Answers color-coded by a green-red scale on the quiz's grid according to % correct below.
Andijk
Diemen
Castricum
Margraten
Volendam
Uitgeest
Schagen
Schoorl
Huizen
Lewedorp
Den Oever
Enkhuizen
Heerhugowaard
Uithoorn
Nieuwdorp
Zandvoort
Limmen
Norg
Naarden
Wervershoof
Bloemendaal
Monnickendam
Odoorn
Edam
Zwaag
Purmerend
Geesteren
Hoorn
Volkel
Den Burg
 
Antwoordstatistieken
Antwoord % Correct
Bloemendaal
86%
Castricum
86%
Diemen
86%
Enkhuizen
86%
Hoorn
86%
Edam
81%
Volendam
81%
Huizen
76%
Zandvoort
76%
Purmerend
71%
Schagen
71%
Heerhugowaard
67%
Den Burg
62%
Den Oever
62%
Monnickendam
62%
Schoorl
62%
Naarden
57%
Uithoorn
57%
Andijk
52%
Uitgeest
52%
Zwaag
33%
Limmen
24%
Wervershoof
24%
Geen overeenkomende quizzen gevonden
Scoreverdeling
Procent van Mensen met Elke Score
Percentiel versus Aantal Correcte Antwoorden
Uw Scoregeschiedenis
U heeft deze quiz nog niet genomen sinds de laatste reset